BIBLIOTECA

SENCICO

Manual de construcción en acero (Registro nro. 3462)

Detalles MARC
000 -LEADER
fixed length control field 00742nam a2200193Ia 4500
005 - DATE AND TIME OF LATEST TRANSACTION
control field 20251020182615.0
008 - FIXED-LENGTH DATA ELEMENTS--GENERAL INFORMATION
fixed length control field 200515s9999 xx 000 0 und d
082 ## - DEWEY DECIMAL CLASSIFICATION NUMBER
Classification number SC/691.714/M47
110 ## - MAIN ENTRY--CORPORATE NAME
Corporate name or jurisdiction name as entry element Instituto Mexicano de la Construcción en Acero, A.C.
245 #0 - TITLE STATEMENT
Title Manual de construcción en acero
260 ## - PUBLICATION, DISTRIBUTION, ETC.
Place of publication, distribution, etc. México, D.F.
260 ## - PUBLICATION, DISTRIBUTION, ETC.
Date of publication, distribution, etc. 1987
300 ## - PHYSICAL DESCRIPTION
Extent 236
520 ## - SUMMARY, ETC.
Summary, etc. Se incluyen las tbl. de dimensiones y propiedades de perfiles, las especificaciones para diseño, fabricación y montaje de estructuras de acero para edificaciones y el código de prácticas generales. La elaboración del volumen se ha basado en la información
650 ## - SUBJECT ADDED ENTRY--TOPICAL TERM
Topical term or geographic name entry element ACERO
650 ## - SUBJECT ADDED ENTRY--TOPICAL TERM
Topical term or geographic name entry element CONSTRUCCIONES METALICAS
650 ## - SUBJECT ADDED ENTRY--TOPICAL TERM
Topical term or geographic name entry element MANUALES
942 ## - ADDED ENTRY ELEMENTS (KOHA)
Koha item type Libros
Existencias
Fecha de la última vez que lo usaron Pago total Signatura topográfica completa Código de barras Precio efectivo desde Tipo de documento Estado perdido Estado dañado No es para préstamo Retirado Ubicación permanente Ubicación actual Fecha de adquisición
15/05/2020   SC/691.714/M47 Bib-Lima15053462 15/05/2020 Libros         Biblioteca Central Lima Biblioteca Central Lima 15/05/2020